[Event "London Golders Green op U2200 5th"]
[Site "London"]
[Date "2015.01.18"]
[Round "5"]
[White "Sagues, Vincent"]
[Black "Lane, Peter Christopher"]
[Result "0-1"]
[WhiteElo "1923"]
[BlackElo "2082"]
[PlyCount "68"]
[EventDate "2015.01.17"]
[EventType "swiss"]
[EventRounds "5"]
[EventCountry "ENG"]
[SourceTitle "EXT 2018"]
[Source "ChessBase"]
[SourceDate "2017.10.13"]
[SourceVersion "1"]
[SourceVersionDate "2017.10.13"]
[SourceQuality "1"]

1. e4 e6 2. d4 d5 3. Nd2 Nf6 4. e5 Nfd7 5. Bd3 c5 6. c3 Nc6 7. Ne2 cxd4 8. cxd4 f6 9. exf6 Nxf6 10. Nf3 Bd6 11. 0-0 Qc7 12. g3 0-0 13. Bf4 Ne4 14. Bxd6 Qxd6 15. Nc3 Nxc3 16. bxc3 e5 17. Nxe5 Nxe5 18. dxe5 Qxe5 19. Qc2 h6 20. Rfe1 Qf6 21. Rab1 b6 22. c4 Ba6 23. cxd5 Rac8 24. Bh7+ Kh8 25. Re6 Qf3 26. Rc6 Rce8 27. Re6 Rxe6 28. dxe6 Bb7 29. Kf1 Qg2+ 30. Ke1 Qg1+ 31. Kd2 Rxf2+ 32. Kd3 Ba6+ 33. Ke3 Re2+ 34. Kf4 Qe3+ 0-1

[Event "London Classic op 6th"]
[Site "London"]
[Date "2014.12.09"]
[Round "2"]
[White "Lane, Peter Christopher"]
[Black "Lie, Terje"]
[Result "1-0"]
[WhiteElo "2043"]
[BlackElo "1593"]
[PlyCount "101"]
[EventDate "2014.12.08"]
[EventType "swiss"]
[EventRounds "9"]
[EventCountry "ENG"]
[SourceTitle "CBM 163 Extra"]
[Source "ChessBase"]
[SourceDate "2014.12.23"]
[SourceVersion "1"]
[SourceVersionDate "2014.12.23"]
[SourceQuality "1"]

1. Nf3 Nf6 2. c4 e6 3. g3 d5 4. Bg2 c6 5. b3 Be7 6. 0-0 0-0 7. Bb2 Na6 8. d3 Nc7 9. Nbd2 Nd7 10. Qc2 Re8 11. e4 Bf6 12. e5 Be7 13. Rfe1 g6 14. Nf1 Bf8 15. Bc1 Kg7 16. Bf4 b6 17. Qd2 Bb7 18. Rad1 a5 19. Bh6+ Kg8 20. Bxf8 Nxf8 21. Ne3 f5 22. exf6 Qxf6 23. Ng4 Qg7 24. Nh6+ Kh8 25. Ng5 Re7 26. Qf4 Qc3 27. Rc1 Qb2 28. Rc2 Qg7 29. Ngf7+ Rxf7 30. Nxf7+ Kg8 31. Qxc7 Qxf7 32. Qxf7+ Kxf7 33. cxd5 exd5 34. Bxd5+ cxd5 35. Rc7+ Kf6 36. Rxb7 Ra6 37. Re8 Ne6 38. Reb8 Ke5 39. Rxb6 Nc5 40. Rxa6 Nxa6 41. Ra8 Nb4 42. Rxa5 Nxd3 43. Ra7 h5 44. a4 Kd4 45. a5 Nb4 46. a6 Kc3 47. Rc7+ Kxb3 48. a7 d4 49. a8Q d3 50. Qa1 g5 51. Rc3# 1-0

[Event "High Wycombe e2e4 op 03"]
[Site "High Wycombe"]
[Date "2012.03.17"]
[Round "2"]
[White "Lane, Peter Christopher"]
[Black "Gibbs, Dominic V"]
[Result "1-0"]
[WhiteElo "2050"]
[BlackElo "1941"]
[PlyCount "105"]
[EventDate "2012.03.16"]
[EventType "swiss"]
[EventRounds "5"]
[EventCountry "ENG"]
[SourceTitle "CBM 147 Extra"]
[Source "ChessBase"]
[SourceDate "2012.04.24"]
[SourceVersion "1"]
[SourceVersionDate "2012.04.24"]
[SourceQuality "1"]

1. d4 f5 2. Bf4 Nf6 3. e3 d6 4. Bd3 Nc6 5. Nf3 e6 6. c4 Qe7 7. Nc3 g6 8. 0-0 Bg7 9. h3 0-0 10. Bh2 Nd8 11. Rc1 Nf7 12. c5 dxc5 13. Nb5 Ne8 14. Rxc5 c6 15. Na3 Nf6 16. Qb3 Nd7 17. Rc2 Kh8 18. Bc4 Nb6 19. Be2 g5 20. Nc4 Nd5 21. Be5 Nxe5 22. Nfxe5 Rb8 23. Nxc6 bxc6 24. Qxb8 Nb4 25. Rd2 Rd8 26. a3 Nd5 27. Qb3 Nf6 28. Rc2 g4 29. Ne5 gxh3 30. Nxc6 Qe8 31. Nxd8 hxg2 32. Rfc1 Bd7 33. Nb7 Ng4 34. Bxg4 fxg4 35. Kxg2 Qf8 36. Kg1 e5 37. Rc7 g3 38. fxg3 Qf3 39. Qc2 Qxg3+ 40. Qg2 Qxe3+ 41. Kh1 Qh6+ 42. Qh2 Qe6 43. Nc5 Bc6+ 44. Kg1 Qg4+ 45. Kf1 Bb5+ 46. Ke1 exd4 47. Rxg7 Kxg7 48. Qe5+ Kf7 49. Nd3 Qg1+ 50. Kd2 Qg2+ 51. Qe2 Qg5+ 52. Kc2 Kg7 53. Qe5+ 1-0

[Event "Paignton op"]
[Site "Paignton"]
[Date "2004.09.10"]
[Round "7"]
[White "Bass, John W"]
[Black "Lane, Peter Christopher"]
[Result "1-0"]
[WhiteElo "2093"]
[BlackElo "2000"]
[PlyCount "51"]
[EventDate "2004.09.11"]
[EventType "swiss"]
[EventRounds "7"]
[EventCountry "ENG"]
[SourceTitle "EXT 2006"]
[Source "ChessBase"]
[SourceDate "2005.11.24"]
[SourceVersion "1"]
[SourceVersionDate "2005.11.24"]
[SourceQuality "1"]

1. d4 e6 2. Nf3 Nf6 3. c4 Bb4+ 4. Nbd2 d5 5. a3 Be7 6. g3 0-0 7. Bg2 b6 8. 0-0 Bb7 9. b3 a5 10. Bb2 a4 11. b4 c5 12. bxc5 bxc5 13. dxc5 Bxc5 14. Qc2 Nbd7 15. Rab1 Qc7 16. Rfc1 dxc4 17. Qxc4 Bd5 18. Qc3 Qa5 19. Qxa5 Rxa5 20. Bc3 Raa8 21. Bb4 Ne4 22. Nxe4 Bxe4 23. Bxc5 Nxc5 24. Rb4 Nb3 25. Rc7 Bd5 26. e4 1-0

[Event "Southend op"]
[Site "London"]
[Date "2001.04.14"]
[Round "4"]
[White "Lane, Peter Christopher"]
[Black "Jaszkiwskyj, Peter"]
[Result "1-0"]
[WhiteElo "2054"]
[BlackElo "2141"]
[PlyCount "51"]
[EventDate "2001.04.13"]
[EventType "swiss"]
[EventRounds "7"]
[EventCountry "ENG"]
[SourceTitle "EXT 2006"]
[Source "ChessBase"]
[SourceDate "2005.11.24"]
[SourceVersion "1"]
[SourceVersionDate "2005.11.24"]
[SourceQuality "1"]

1. d4 Nf6 2. Nf3 d5 3. Bf4 c6 4. e3 e6 5. Bd3 Bd6 6. Ne5 Qc7 7. Nd2 Nbd7 8. Ndf3 Nh5 9. Nxf7 Nxf4 10. Nxh8 Nxd3+ 11. Qxd3 Nf8 12. Ng5 g6 13. Nhf7 Be7 14. h4 Bf6 15. 0-0-0 Bd7 16. e4 Bxg5+ 17. Nxg5 h6 18. Nh3 0-0-0 19. e5 Kb8 20. Qe3 h5 21. Ng5 Be8 22. Qf4 Qe7 23. Qf6 Rd7 24. Rd3 Kc7 25. Rf3 Qxf6 26. Rxf6 1-0

[Event "Southend op"]
[Site "London"]
[Date "2001.04.13"]
[Round "2"]
[White "Lane, Peter Christopher"]
[Black "Alley, Shaun C"]
[Result "1-0"]
[WhiteElo "2054"]
[BlackElo "1416"]
[PlyCount "49"]
[EventDate "2001.04.13"]
[EventType "swiss"]
[EventRounds "7"]
[EventCountry "ENG"]
[SourceTitle "EXT 2006"]
[Source "ChessBase"]
[SourceDate "2005.11.24"]
[SourceVersion "1"]
[SourceVersionDate "2005.11.24"]
[SourceQuality "1"]

1. d4 Nf6 2. c4 g6 3. Nc3 d5 4. Nf3 Bg7 5. Bf4 0-0 6. e3 Bg4 7. h3 Bxf3 8. Qxf3 e6 9. cxd5 Nxd5 10. Nxd5 exd5 11. Bd3 c5 12. 0-0 cxd4 13. exd4 Nc6 14. Rfd1 Nxd4 15. Qg3 Qf6 16. Rac1 Rac8 17. Be3 Qe5 18. Rxc8 Rxc8 19. Qxe5 Bxe5 20. Bf1 Nc6 21. Rxd5 Rc7 22. b3 Bf6 23. Bb5 Nb4 24. Rc5 Nxa2 25. Rxc7 1-0